[Event "G7 Gruppe 1"]
[Site "Svendborg"]
[Date "2018.04.02"]
[Round "7"]
[White "Jepsen, Thomas Tange"]
[Black "Christensen, Jacob Foged"]
[Result "1-0"]
[WhiteElo "2077"]
[BlackElo "1945"]
[PlyCount "51"]
[EventDate "2018.03.27"]
[EventType "swiss"]
[EventRounds "7"]
[EventCountry "DEN"]

1. d4 Nf6 2. c4 g6 3. f3 Bg7 4. e4 d6 5. Nc3 O-O 6. Be3 Nbd7 7. Bd3 a5 8. Nge2
e5 9. d5 Ne8 10. g4 Nc5 11. Ng3 Bd7 12. Qd2 Qc8 13. Bc2 Na6 14. O-O-O Nb4 15.
Rdg1 Nxc2 16. Kxc2 a4 17. h4 Qb8 18. h5 b5 19. cxb5 Bxb5 20. Qh2 f6 21. hxg6
hxg6 22. Qh7+ Kf7 23. Rh6 Ke7 24. Rxg6 Kd8 25. Rxg7 Nxg7 26. Qxg7 1-0

[Event "G7 Gruppe 1"]
[Site "Svendborg"]
[Date "2018.04.02"]
[Round "7"]
[White "Larsen, Ulrik"]
[Black "Kristensen, Peter"]
[Result "1/2-1/2"]
[WhiteElo "1951"]
[BlackElo "2010"]
[PlyCount "114"]
[EventDate "2018.03.27"]
[EventType "swiss"]
[EventRounds "7"]
[EventCountry "DEN"]

1. e4 e5 2. Nf3 Nc6 3. Bb5 a6 4. Ba4 Nf6 5. O-O Be7 6. Re1 b5 7. Bb3 O-O 8. d4
Nxd4 9. Nxd4 exd4 10. e5 Ne8 11. c3 dxc3 12. Nxc3 d6 13. Qf3 Rb8 14. Bf4 Bb7
15. Qg3 dxe5 16. Rad1 Qc8 17. Bxe5 Bd6 18. Qg5 Bxe5 19. Rxe5 Nf6 20. Re7 c5 21.
Rd6 c4 22. Bd1 Re8 23. Re3 Rxe3 24. fxe3 h6 25. Qg3 Qc7 26. Qf4 Ne8 27. Rd4
Qxf4 28. exf4 Nf6 29. Be2 Rc8 30. a3 Kf8 31. Kf2 Ke7 32. g3 Rd8 33. Rxd8 Kxd8
34. Ke3 Kc7 35. Kd4 Kb6 36. Bd1 Bc6 37. Be2 Bb7 38. Bd1 Bc6 39. Be2 Bd7 40. Bd1
Be6 41. Be2 Bg4 42. Bf1 Bf3 43. Ke3 Bh1 44. Kd4 Kc6 45. Bh3 a5 46. a4 b4 47.
Nb1 Bd5 48. Nd2 c3 49. bxc3 bxc3 50. Kxc3 Kc5 51. Bf5 Bc6 52. Bc2 h5 53. Nb3+
Kb6 54. Nd4 Bd7 55. Kc4 Bh3 56. Nf5 g6 57. Nd4 Be6+ 1/2-1/2

[Event "G7 Gruppe 1"]
[Site "Svendborg"]
[Date "2018.04.02"]
[Round "7"]
[White "Mortensen, Henrik"]
[Black "Olsen, Bjorn"]
[Result "1/2-1/2"]
[WhiteElo "1939"]
[BlackElo "1855"]
[PlyCount "84"]
[EventDate "2018.03.27"]
[EventType "swiss"]
[EventRounds "7"]
[EventCountry "DEN"]

1. e4 c6 2. d4 d5 3. Nd2 dxe4 4. Nxe4 Nf6 5. Nxf6+ gxf6 6. g3 h5 7. h4 Qd5 8.
Nf3 Bg4 9. Bg2 Qe4+ 10. Qe2 Qxe2+ 11. Kxe2 e6 12. Re1 Na6 13. Kf1 Nb4 14. Re2
Bf5 15. Ne1 O-O-O 16. a3 Nd5 17. Bd2 Bd6 18. c4 Ne7 19. Be3 Kb8 20. b4 Bg4 21.
Rb2 Nf5 22. c5 Nxe3+ 23. fxe3 Bxg3 24. b5 Kc7 25. bxc6 bxc6 26. Rab1 Rb8 27.
Rxb8 Rxb8 28. Rxb8 Kxb8 29. Bxc6 Bxh4 30. Be8 Bg5 31. Kf2 h4 32. Bxf7 Kc7 33.
d5 exd5 34. Bxd5 Bd7 35. Nf3 Bc6 36. e4 Bd7 37. e5 Bg4 38. e6 Bxf3 39. Kxf3 f5
40. c6 Kd6 41. a4 a5 42. Kg2 Kc7 1/2-1/2

[Event "G7 Gruppe 1"]
[Site "Svendborg"]
[Date "2018.04.02"]
[Round "7"]
[White "Steenstrup, Svend"]
[Black "Nielsen, Carsten Juul"]
[Result "1/2-1/2"]
[WhiteElo "1942"]
[BlackElo "1892"]
[PlyCount "38"]
[EventDate "2018.03.27"]
[EventType "swiss"]
[EventRounds "7"]
[EventCountry "DEN"]

1. d4 Nf6 2. c4 e6 3. Nf3 b6 4. g3 Bb7 5. Bg2 Bb4+ 6. Nbd2 d5 7. Qa4+ Nc6 8.
O-O O-O 9. a3 Bd6 10. b4 a5 11. b5 Ne7 12. Bb2 c6 13. Rac1 cxb5 14. cxb5 Rc8
15. Ne5 Bxe5 16. dxe5 Nd7 17. Rxc8 Qxc8 18. Rc1 Qb8 19. f4 Rc8 1/2-1/2

[Event "G7 Gruppe 1"]
[Site "Svendborg"]
[Date "2018.04.02"]
[Round "7"]
[White "Gregor, Bjarke"]
[Black "Fogh, Jens Olaf Svanholm"]
[Result "0-1"]
[WhiteElo "1914"]
[BlackElo "2052"]
[PlyCount "82"]
[EventDate "2018.03.27"]
[EventType "swiss"]
[EventRounds "7"]
[EventCountry "DEN"]

1. e4 e6 2. d4 d5 3. Nc3 dxe4 4. Nxe4 Nd7 5. Nf3 Ngf6 6. Bd3 Nxe4 7. Bxe4 Nf6
8. Bg5 h6 9. Bxf6 Qxf6 10. Qd3 Bd6 11. Qb5+ Ke7 12. O-O c6 13. Qe2 Rd8 14. c4
c5 15. dxc5 Bxc5 16. Rfd1 Bd7 17. Rab1 Rab8 18. b4 Bb6 19. c5 Bc7 20. b5 g5 21.
Nd4 Qe5 22. g3 Qxc5 23. Qf3 Qb6 24. Nc6+ bxc6 25. bxc6 Qa5 26. Rxb8 Bxb8 27.
cxd7 Qxa2 28. Bc6 Bd6 29. Qc3 Qa6 30. Ra1 Qb6 31. Rc1 Bb4 32. Qg7 Bc5 33. Qxh6
Bxf2+ 34. Kg2 Be3 35. Rc2 Qb1 36. Qh7 g4 37. Qh4+ Kd6 38. Rd2+ Kc7 39. Qxg4
Bxd2 40. Qc4 Qb4 41. Qc2 Qc3 0-1